NFL Players Colleges #1 - Statistics

General Stats
  • This quiz has been taken 214 times
  • The average score is 8 of 15
Answer Stats
Hint Answer % Correct
Justin Fields Ohio State
97%
Dak Prescott Mississippi State
85%
Nick Chubb Georgia
84%
Alvin Kamara Tennessee
77%
Cordalle Patterson Tennessee
77%
Hunter Renfrow Clemson
73%
Chris Godwin Penn State
53%
A.J Dillon Boston College
46%
Javonte Williams North Carolina
44%
Kennen Allen California
42%
Hunter Henry Arkansas
37%
Harrison Smith Notre Dame
37%
Taylor Heinicke Old Dominion
36%
Bobby Wagner Utah State
34%
Markus Golden Missouri
20%
No matching quizzes found
Score Distribution
Percent of People with Each Score
Percentile by Number Answered
Your Score History
You have not taken this quiz